000 00526nam a2200193Ia 4500
003 0100
005 20150408174030.0
008 130303s9999 xx 000 0 und d
040 _cARRUPELIB
050 _aHD5842.3A6
_bD36
100 _aDavies, Rob
_916877
245 4 _aThe Informal sector
_bA solution to unemployment ?
260 _aGweru
260 _bMambo PR
_c1978
300 _a30p
650 _aUnemployment
_xZimbabawe
_917003
650 _aInformal sector(Economics)
_xZimbabawe
_917004
942 _2lcc
_cMONOGRAPH
999 _c27454
_d27454